00370pab a2200133 454500008004000000100001500040245005500055260000900110300001000119362001000129650004400139650003600183773001700219180718b2000 xxu||||| |||| 00| 0 eng d aArun Kumar aSome relevant post 1991 data on the Indian economy c2000 ap.6-9 a8 Jul aEconomic and social development - India aEconomic and social development aYoung Indian